[Event "EU-ch Online U14"]
[Site "Tornelo INT"]
[Date "2020.09.19"]
[Round "6"]
[White "Jishkariani, Erekle"]
[Black "Gudmundsson, Gunnar Erik"]
[Result "1-0"]
[WhiteElo "1694"]
[BlackElo "1452"]
[PlyCount "99"]
[EventDate "2020.09.18"]
[EventType "swiss (rapid)"]
[EventRounds "9"]
[EventCountry "NET"]
[SourceTitle "EXT 2023"]
[Source "ChessBase"]
[SourceDate "2022.10.05"]
[SourceVersion "1"]
[SourceVersionDate "2022.10.05"]
[SourceQuality "1"]
[WhiteTeam "Georgia"]
[BlackTeam "Island"]
[WhiteTeamCountry "GEO"]
[BlackTeamCountry "ISL"]

1. d4 Nf6 2. g3 e6 3. c4 d5 4. Bg2 Be7 5. Nf3 0-0 6. 0-0 b6 7. cxd5 exd5 8. Qc2 Bb7 9. Bf4 c5 10. Rd1 Na6 11. a3 Nc7 12. Bxc7 Qxc7 13. Nc3 Rfd8 14. Rac1 Ne4 15. e3 Bf6 16. Nxe4 dxe4 17. Nd2 Rac8 18. Nxe4 Bxe4 19. Bxe4 g6 20. Bg2 Qe7 21. d5 b5 22. Qe2 c4 23. e4 Qe5 24. Rc2 g5 25. Qg4 Kh8 26. f4 gxf4 27. gxf4 Qc7 28. e5 Bxe5 29. fxe5 Qxe5 30. Qd4 Re8 31. d6 Rcd8 32. Qxe5+ Rxe5 33. d7 Kg7 34. Kf2 a5 35. Re2 Rxe2+ 36. Kxe2 b4 37. axb4 axb4 38. Bc6 Kf6 39. Rd4 c3 40. bxc3 bxc3 41. Kd3 Ke7 42. Kxc3 h6 43. Re4+ Kd6 44. Re8 Kc7 45. Rxd8 Kxd8 46. Kd4 Kc7 47. Ke5 Kd8 48. Kf6 h5 49. Kxf7 h4 50. h3 1-0

[Event "EU-ch Online U14"]
[Site "Tornelo INT"]
[Date "2020.09.18"]
[Round "3"]
[White "Eilenberg, Jonas"]
[Black "Jishkariani, Erekle"]
[Result "1-0"]
[WhiteElo "2113"]
[BlackElo "1694"]
[PlyCount "159"]
[EventDate "2020.09.18"]
[EventType "swiss (rapid)"]
[EventRounds "9"]
[EventCountry "NET"]
[SourceTitle "EXT 2023"]
[Source "ChessBase"]
[SourceDate "2022.10.05"]
[SourceVersion "1"]
[SourceVersionDate "2022.10.05"]
[SourceQuality "1"]
[WhiteTeam "Germany"]
[BlackTeam "Georgia"]
[WhiteTeamCountry "GER"]
[BlackTeamCountry "GEO"]

1. d4 d5 2. c4 e6 3. Nc3 Nf6 4. cxd5 exd5 5. Bg5 Be7 6. e3 0-0 7. Bd3 c6 8. Qc2 h6 9. Bh4 Be6 10. Nf3 Nbd7 11. 0-0 c5 12. dxc5 Nxc5 13. Bf5 Rc8 14. Bxe6 fxe6 15. Qg6 Nfd7 16. Bg3 Qb6 17. Ne5 Bf6 18. Ng4 Qxb2 19. Bd6 Kh8 20. Bxf8 Rxf8 21. Nxf6 Rxf6 22. Qe8+ Rf8 23. Qe7 Qxc3 24. Rac1 Qf6 25. Qd6 b6 26. Qc7 a5 27. f4 Qd8 28. Qd6 Qb8 29. Qe7 Qd8 30. Qd6 Nb8 31. Qe5 Nc6 32. Qc3 Qf6 33. Qxf6 gxf6 34. Rb1 Rb8 35. Rfc1 Kg7 36. Rb5 Kf7 37. Rcb1 Nd7 38. Rc1 Rc8 39. Kf2 Ke7 40. Kg3 Kd6 41. Kh4 Rg8 42. g4 Na7 43. Rb2 Rb8 44. Kh5 Nc5 45. Rbc2 Nb5 46. Rd2 Na3 47. Kg6 Nc4 48. Rxc4 b5 49. Rc1 b4 50. Rdc2 Rb5 51. Kxh6 a4 52. g5 fxg5 53. fxg5 b3 54. axb3 axb3 55. Rg2 Rb8 56. g6 Ne4 57. g7 Nf6 58. Kg6 Ng8 59. h4 e5 60. h5 Kd7 61. h6 Rb6+ 62. Kh7 Rb8 63. Kh8 Nxh6+ 64. g8Q Nxg8 65. Rxg8 Rb4 66. Rg2 Rc4 67. Rb1 Rc3 68. Re2 Ke6 69. Rf1 Rc7 70. Kg8 e4 71. Rb1 Rc3 72. Kg7 Kf5 73. Rf1+ Kg4 74. Kf6 Rc2 75. Rxc2 bxc2 76. Ke5 c1Q 77. Rxc1 Kf3 78. Kd4 Ke2 79. Rc5 Kd2 80. Rxd5 1-0

[Event "Wch U10"]
[Site "Batumi"]
[Date "2016.10.28"]
[Round "9"]
[White "Jishkariani, Erekle"]
[Black "Sandaruwan, MG Ravindu"]
[Result "1/2-1/2"]
[WhiteElo "1546"]
[BlackElo "1190"]
[PlyCount "52"]
[EventDate "2016.10.19"]
[EventType "swiss"]
[EventRounds "11"]
[EventCountry "GEO"]
[SourceTitle "EXT 2018"]
[Source "ChessBase"]
[SourceDate "2017.10.13"]
[SourceVersion "1"]
[SourceVersionDate "2017.10.13"]
[SourceQuality "1"]

1. d4 g6 2. c4 Bg7 3. Nc3 e6 4. Bf4 a6 5. e3 Ne7 6. Nf3 0-0 7. Be2 d6 8. 0-0 Nd7 9. Qc2 Nf6 10. h3 b6 11. Rfd1 Nd7 12. Rac1 Bb7 13. a3 Qe8 14. Qd2 Rc8 15. b4 e5 16. Bh2 exd4 17. exd4 Nf5 18. d5 Ne5 19. Nxe5 dxe5 20. Rb1 e4 21. Bf4 Qe7 22. c5 bxc5 23. bxc5 Qxc5 24. Nxe4 Qd4 25. Qc2 Qa7 26. Nc5 Nd4 1/2-1/2

[Event "Wch U10"]
[Site "Batumi"]
[Date "2016.10.23"]
[Round "5"]
[White "Jishkariani, Erekle"]
[Black "Waser, Timon"]
[Result "0-1"]
[WhiteElo "1546"]
[BlackElo "1346"]
[PlyCount "47"]
[EventDate "2016.10.19"]
[EventType "swiss"]
[EventRounds "11"]
[EventCountry "GEO"]
[SourceTitle "CBM 175 Extra"]
[Source "ChessBase"]
[SourceDate "2016.12.12"]
[SourceVersion "1"]
[SourceVersionDate "2016.12.12"]
[SourceQuality "1"]

1. c4 e6 2. d4 d5 3. Nc3 c5 4. cxd5 exd5 5. Nf3 Nc6 6. Bf4 Nf6 7. h3 Be7 8. e3 0-0 9. Be2 c4 10. 0-0 Bf5 11. a3 a6 12. Nd2 b5 13. Na2 Na5 14. f3 Rc8 15. Rc1 Re8 16. Kf2 Bf8 17. h4 Qe7 18. g4 Bd7 19. Rh1 Rc6 20. Qg1 Qe6 21. h5 h6 22. Qh2 Bd6 23. Nf1 Nb3 24. Rc3 0-1